00979cam a2200253 4500008004100000020001400041035001200055050002600067245012000093250001100213260004800224300002900272440005100301650004600352650007800398700002900476700003600505700002600541700003100567700003000598700003300628700003300661700003100694090427s2005 sp 000 0 spa u a849772786 aa48101504aKKT4180.V5 bE88 200500aEstudios sobre la ley integral contra la violencia de género /cJorge Alguacil...[et.al]; Elviro Aranda, director a1a ed. aMadrid, España : bDykinson, S.L., c2005 a194 páginas ; c21 cm. 0aCuadernos "Bartolomé de las Casas" ; vno.36 7aDelitos contra la mujer zEspaña 2Lemb 7aDiscriminación sexual contra la mujer xLegislación zEspaña 2Lemb1 aAlguacil, Jorge, eautor1 aBallesteros, Constanza, eautor1 aEntrena, Luz, eautor1 aMallaina, Carmela, eautor1 aCirujano, Paula, eautor 1 aLorenzo, Magdalena, eautor 1 aRviriego, Fernando, eautor 1 aAranda, Elviro, edirector